ASP.NET Website programming : (Record no. 8620)

MARC details
000 -LEADER
fixed length control field 00765nam a22002412 4500
001 - CONTROL NUMBER
control field 0000018688
005 - DATE AND TIME OF LATEST TRANSACTION
control field 20151217152133.0
008 - FIXED-LENGTH DATA ELEMENTS--GENERAL INFORMATION
fixed length control field 100422s xx 000 0 eng d
020 ## - INTERNATIONAL STANDARD BOOK NUMBER
International Standard Book Number 8173661146 :
040 ## - CATALOGING SOURCE
Original cataloging agency KABU
Transcribing agency KABU
100 1# - MAIN ENTRY--PERSONAL NAME
Personal name Bellinaso, Marco.
-- 0000178010
245 10 - TITLE STATEMENT
Title ASP.NET Website programming :
Remainder of title problem - design - solution /
Statement of responsibility, etc. Marco Bellinaso, Kevin Hoffman.
250 ## - EDITION STATEMENT
Edition statement 1st ed.
260 ## - PUBLICATION, DISTRIBUTION, ETC. (IMPRINT)
Place of publication, distribution, etc. Mumbai :
Name of publisher, distributor, etc. SPD,
Date of publication, distribution, etc. 2002.
300 ## - PHYSICAL DESCRIPTION
Extent ix, 541 p.
650 #0 - SUBJECT ADDED ENTRY--TOPICAL TERM
Topical term or geographic name as entry element Active server pages.
-- 0000148486
650 #0 - SUBJECT ADDED ENTRY--TOPICAL TERM
Topical term or geographic name as entry element Microsoft .NET.
-- 0000157373
650 #0 - SUBJECT ADDED ENTRY--TOPICAL TERM
Topical term or geographic name as entry element Web site
General subdivision Design.
-- 0000157552
700 1# - ADDED ENTRY--PERSONAL NAME
Personal name Hoffman, Kevin.
-- 0000178011
852 1# - LOCATION
-- p2900 KES
908 ## - PUT COMMAND PARAMETER (RLIN)
Put command parameter 100422
950 ## - LOCAL HOLDINGS (RLIN)
-- 1
Holdings
Withdrawn status Lost status Source of classification or shelving scheme Not for loan Home library Current library Date acquired Total Checkouts Full call number Barcode Date last seen Price effective from Koha item type
    Library of Congress Classification   Kabarak, Main Campus Kabarak, Main Campus 17/12/2015   TK5105.8885 .A26B45 2002 c. 1 18896 17/12/2015 17/12/2015 General Collection
Designed with assistance from East African Informatics Ltd